[Event "SVM_Regionalliga_2024-25"]
[Site "?"]
[Date "2025.01.12"]
[Round "6.4"]
[Board "4"]
[White "Padva,Leo"]
[Black "Both,David"]
[WhiteTeam "SG Porz 3"]
[BlackTeam "SK Troisdorf"]
[WhiteElo "1974"]
[BlackElo "2055"]
[WhiteDWZ "2011"]
[BlackDWZ "1975"]
[Result "1/2-1/2"]
[PlyCount "129"]
[EventDate "2025.01.12"]
[SourceDate "2025.01.12"]
 
1. d4 d5 2. c4 c6 3. g3 Nf6 4. Bg2 Bf5 5. Qb3 Qb6 6. c5 Qxb3 7. axb3 Nbd7 8. Nf3 h6 9. Nc3 e6 10. b4 Ne4 11. O-O a6 12. Nd2 Nxd2 13. Bxd2 Rd8 14. f3 Nf6 15. e4 Bg6 16. e5 Nd7 17. f4 Be7 18. Bh3 O-O 19. f5 exf5 20. Bxf5 Rfe8 21. Ne2 Nf8 22. g4 Ne6 23. Ra3 Rf8 24. Be1 Rde8 25. h4 Bh7 26. Raf3 g6 27. Bc2 Kg7 28. Bg3 Bd8 29. Kg2 Be7 30. Kh3 Bd8 31. Bb1 Be7 32. Bf2 Bd8 33. Be3 Be7 34. Ng3 Bd8 35. R1f2 Be7 36. Ne2 Bd8 37. Rf1 Be7 38. Kg3 Bd8 39. R3f2 Bg8 40. Kh3 Be7 {(=)} 41. Rg2 Bh7 42. Rgf2 Bg8 43. Bf5 Bh7 44. Bxe6 fxe6 45. Nf4 Bg8 46. Rf3 Bf7 47. Ne2 Bg8 48. Nf4 Bf7 49. Nd3 Bg8 50. Nc1 Rxf3+ 51. Rxf3 Bd8 52. Nb3 Bc7 53. Na5 Bxa5 54. bxa5 Re7 55. Bd2 Rf7 56. Rb3 Re7 57. Kg2 Bf7 58. Rf3 Bg8 59. Rf6 Rf7 60. Rxe6 Rf2+ 61. Kxf2 Bxe6 62. Kg3 h5 63. gxh5 gxh5 64. Bg5 Kg6 65. Kf4 {(=)} 1/2-1/2

[Event "SVM_Regionalliga_2024-25"]
[Site "?"]
[Date "2025.01.12"]
[Round "6.4"]
[Board "5"]
[White "Sejdini,Valentin"]
[Black "Spindler,Florian"]
[WhiteTeam "SK Troisdorf"]
[BlackTeam "SG Porz 3"]
[WhiteElo "1912"]
[BlackElo "1993"]
[WhiteDWZ "1780"]
[BlackDWZ "2005"]
[Result "0-1"]
[PlyCount "50"]
[EventDate "2025.01.12"]
[SourceDate "2025.01.12"]
 
1. d4 Nf6 2. c4 e6 3. Nf3 d5 4. cxd5 exd5 5. Nc3 Be7 6. e3 O-O 7. Bd3 Bg4 8. h3 Bh5 9. Qb3 Bxf3 10. gxf3 Nc6 11. Qxb7 Nb4 12. Bb1 a6 13. a3 Qd7 14. Bf5 Qxf5 15. axb4 Qxf3 16. Rg1 Rfb8 17. Qxc7 Bxb4 18. Rxa6 Ne4 19. Rxa8 Qxf2+ 20. Kd1 Qxg1+ 21. Kc2 Rxa8 22. Nxd5 Bd6 23. Qc6 Qg2+ 24. Kd1 Rb8 25. h4 Qg4+ 0-1

[Event "SVM_Regionalliga_2024-25"]
[Site "?"]
[Date "2025.01.12"]
[Round "6.4"]
[Board "8"]
[White "Kushchan,Eduard"]
[Black "Koopmeiners,Karl"]
[WhiteTeam "SG Porz 3"]
[BlackTeam "SK Troisdorf"]
[WhiteElo "2038"]
[BlackElo "1968"]
[WhiteDWZ "1983"]
[BlackDWZ "1893"]
[Result "1-0"]
[PlyCount "89"]
[EventDate "2025.01.12"]
[SourceDate "2025.01.12"]
 
1. d4 Nf6 2. Nf3 d5 3. e3 c5 4. Bd3 Nc6 5. c3 cxd4 6. exd4 Bg4 7. O-O e6 8. Nbd2 Bd6 9. Re1 Qc7 10. Nf1 h6 11. h3 Bxf3 12. Qxf3 Ne4 13. Bxe4 dxe4 14. Qxe4 O-O 15. Ne3 Rae8 16. Nc4 f5 17. Qd3 e5 18. dxe5 Nxe5 19. Nxe5 Bxe5 20. Be3 Rd8 21. Qe2 Rde8 22. Qb5 a6 23. Qc5 Rd8 24. Qxc7 Bxc7 25. Rad1 Rxd1 26. Rxd1 Rd8 27. Bd4 Kf7 28. Re1 g6 29. Kf1 Re8 30. Rd1 Rd8 31. Ke2 Ke6 32. Kd3 b5 33. a4 Kd5 34. axb5 axb5 35. Ra1 Rd6 36. Ra8 Bd8 37. Rc8 Ke6 38. Rb8 Rd5 39. Rb7 f4 40. Ke4 Rf5 41. b4 Rg5 42. Kxf4 Rxg2 43. Rxb5 Bc7+ 44. Ke4 Rh2 45. Be5 1-0

[Event "SVM_Regionalliga_2024-25"]
[Site "?"]
[Date "2025.01.12"]
[Round "6.5"]
[Board "1"]
[White "Langer,Raphael"]
[Black "Marcziter,Alex"]
[WhiteTeam "SF Lohmar 1"]
[BlackTeam "SG Porz 4"]
[WhiteElo "1880"]
[BlackElo "2017"]
[WhiteDWZ "1949"]
[BlackDWZ "2074"]
[Result "1/2-1/2"]
[PlyCount "93"]
[EventDate "2025.01.12"]
[SourceDate "2025.01.12"]
 
1. d4 Nf6 2. c4 g6 3. Nc3 Bg7 4. e4 d6 5. Be2 O-O 6. Nf3 Na6 7. O-O c5 8. d5 Nc7 9. Rb1 b5 10. cxb5 a6 11. a4 Rb8 12. Qc2 axb5 13. axb5 Bd7 14. b4 Nxb5 15. Nxb5 Bxb5 16. bxc5 Bxe2 17. Rxb8 Qxb8 18. Qxe2 dxc5 19. Bg5 Qb4 20. Bxf6 Bxf6 21. e5 Bg7 22. e6 Qf4 23. exf7+ Qxf7 24. Qc4 Rd8 25. Qxc5 Rxd5 26. Qc8+ Bf8 27. Re1 Qf5 28. Qxf5 Rxf5 29. Re5 Rxe5 30. Nxe5 Bg7 31. Nd3 Kf7 32. g4 e5 33. f3 Ke6 34. Nc5+ Kd5 35. Ne4 h6 36. Kf2 Ke6 37. Ke3 Bf8 38. Kd3 Be7 39. Nc3 Bb4 40. Ne4 Bd6 41. Kc4 Be7 42. h3 Bf8 43. Kd3 Be7 {(=)} 44. Ke3 Bb4 45. Kd3 Be7 46. Ng3 Kd5 47. Ne4 {(=)} 1/2-1/2

[Event "SVM_Regionalliga_2024-25"]
[Site "?"]
[Date "2025.01.12"]
[Round "6.5"]
[Board "2"]
[White "Thalwitzer,David"]
[Black "Akstinat,Sven-Holger"]
[WhiteTeam "SG Porz 4"]
[BlackTeam "SF Lohmar 1"]
[WhiteElo "2121"]
[BlackElo "1980"]
[WhiteDWZ "2078"]
[BlackDWZ "1913"]
[Result "1-0"]
[PlyCount "109"]
[EventDate "2025.01.12"]
[SourceDate "2025.01.12"]
 
1. e4 c5 2. c3 g6 3. d4 cxd4 4. cxd4 d5 5. e5 Nc6 6. Nc3 Nh6 7. a3 Bg7 8. Nf3 Bg4 9. Be2 O-O 10. O-O Nf5 11. Be3 e6 12. b4 Rc8 13. Rc1 Nxe3 14. fxe3 Bh6 15. Qd2 Ne7 16. Bd3 Nf5 17. Bxf5 gxf5 18. Nb5 Rxc1 19. Qxc1 a6 20. Nd6 Qe7 21. Qe1 Kh8 22. Qf2 f6 23. Ne1 fxe5 24. dxe5 f4 25. e4 Bh5 26. Qd4 dxe4 27. Qxe4 b5 28. Nf3 Bg6 29. Qd4 Bg7 30. Rc1 Bh5 31. Rc8 Rxc8 32. Nxc8 Qc7 33. Nd6 Qc1+ 34. Kf2 h6 35. Ne4 Qxa3 36. Nfd2 Bg6 37. Nf6 Qe3+ 38. Qxe3 fxe3+ 39. Kxe3 Bxf6 40. exf6 Kg8 41. Kf4 Kf7 42. Ke5 Bc2 43. Nf3 Bb3 44. Nd4 Bc4 {(=)} 45. Nc6 Ke8 46. g4 Be2 47. h3 Bf1 48. h4 Bh3 49. g5 hxg5 50. hxg5 Bf5 51. Nd4 Bd3 52. Nxe6 a5 53. bxa5 b4 54. Nf4 Bb5 55. Kd4 1-0

[Event "SVM_Regionalliga_2024-25"]
[Site "?"]
[Date "2025.01.12"]
[Round "6.5"]
[Board "3"]
[White "Weiler,Wolfgang"]
[Black "Holzwarth,Felix"]
[WhiteTeam "SF Lohmar 1"]
[BlackTeam "SG Porz 4"]
[WhiteElo "1902"]
[BlackElo "1954"]
[WhiteDWZ "1839"]
[BlackDWZ "2028"]
[Result "1-0"]
[PlyCount "93"]
[EventDate "2025.01.12"]
[SourceDate "2025.01.12"]
 
1. Nf3 Nf6 2. g3 d5 3. Bg2 Bg4 4. Ne5 Bh5 5. c4 c6 6. O-O e6 7. b3 Nbd7 8. d4 Bd6 9. Bb2 Qc7 10. Nxd7 Qxd7 11. Nd2 O-O 12. Nf3 Rfd8 13. h3 dxc4 14. bxc4 Qc7 15. Qb3 Ne4 16. Qe3 Bg6 17. Nh4 Nf6 18. Nxg6 hxg6 19. Qb3 Nd7 20. d5 cxd5 21. cxd5 Nc5 22. Qc3 e5 23. Rac1 Qb6 24. Qd2 Rac8 25. Rb1 Qa6 26. Ba1 Rc7 27. Qg5 Re8 28. Qd2 Rec8 29. Rfc1 Qa3 30. Rc3 Qa5 31. Qe3 Qxa2 32. Rbc1 Nb3 33. Rxc7 Bxc7 34. d6 Nxc1 35. Qxc1 Kh7 36. dxc7 Qa5 37. Qc3 Qxc7 38. Qxe5 Qc1+ 39. Kh2 f6 40. Qd4 Qe1 41. Qh4+ Kg8 42. Bd5+ Kf8 43. Qh8+ Ke7 44. Qxc8 Qxa1 45. Qc7+ Ke8 46. Bf7+ Kf8 47. Bxg6 1-0

[Event "SVM_Regionalliga_2024-25"]
[Site "?"]
[Date "2025.01.12"]
[Round "6.5"]
[Board "7"]
[White "Rokitta,Uwe"]
[Black "Hackbusch,Thomas"]
[WhiteTeam "SF Lohmar 1"]
[BlackTeam "SG Porz 4"]
[WhiteElo "1873"]
[BlackElo "1798"]
[WhiteDWZ "1665"]
[BlackDWZ "1844"]
[Result "1/2-1/2"]
[PlyCount "56"]
[EventDate "2025.01.12"]
[SourceDate "2025.01.12"]
 
1. e4 d6 2. d4 Nf6 3. Nc3 g6 4. Bg5 Bg7 5. e5 Nfd7 6. f4 Nb6 7. Nf3 Bg4 8. h3 Bxf3 9. Qxf3 d5 10. O-O-O Nc6 11. g4 Qd7 12. f5 O-O-O 13. Bg2 h6 14. Be3 e6 15. Rhf1 g5 16. fxe6 fxe6 17. Qf7 Nc4 18. Bg1 Rhf8 19. Qg6 Rf4 20. Ne2 Rff8 {(=)} 21. Rxf8 Rxf8 22. Qd3 Qe7 23. a3 Rf7 24. Rf1 Rxf1+ 25. Bxf1 Qf7 26. Bg2 Bf8 27. Qf3 Qxf3 28. Bxf3 Ne7 {(=)} 1/2-1/2

[Event "SVM_Regionalliga_2024-25"]
[Site "?"]
[Date "2025.01.12"]
[Round "6.6"]
[Board "1"]
[White "Borriss,Martin"]
[Black "Herzwurm,Robert"]
[WhiteTeam "SG Siebengebirge 1"]
[BlackTeam "SK Turm Euskirchen 1"]
[WhiteElo "2427"]
[BlackElo "2016"]
[WhiteDWZ "2403"]
[BlackDWZ "2007"]
[Result "1-0"]
[PlyCount "61"]
[EventDate "2025.01.12"]
[SourceDate "2025.01.12"]
 
1. e4 e6 2. d4 d5 3. Nc3 Bb4 4. e5 c5 5. a3 Bxc3+ 6. bxc3 Ne7 7. h4 Qc7 8. h5 h6 9. Nf3 b6 10. Bb5+ Bd7 11. Be2 Ba4 12. Ra2 Nbc6 13. O-O c4 14. Nh4 O-O-O 15. Bg4 Rdg8 16. f4 Nd8 17. f5 g5 18. fxg6 fxg6 19. Rf6 gxh5 20. Bxh5 Nf5 21. Nxf5 exf5 22. Qf3 Bd7 23. Ra1 Rh7 24. Qxd5 Rhg7 25. Qa8+ Qb8 26. Qxb8+ Kxb8 27. Bf3 Ba4 28. Bxh6 Rh7 29. Bf4 Bxc2 30. e6+ Kc8 31. Re1 1-0

[Event "SVM_Regionalliga_2024-25"]
[Site "?"]
[Date "2025.01.12"]
[Round "6.6"]
[Board "2"]
[White "Vandenbergen,Nicolas"]
[Black "Richter,Dirk"]
[WhiteTeam "SK Turm Euskirchen 1"]
[BlackTeam "SG Siebengebirge 1"]
[WhiteElo "2107"]
[BlackElo "2112"]
[WhiteDWZ "2097"]
[BlackDWZ "2020"]
[Result "0-1"]
[PlyCount "80"]
[EventDate "2025.01.12"]
[SourceDate "2025.01.12"]
 
1. Nc3 c5 2. e4 d6 3. f4 Nc6 4. Nf3 g6 5. d3 Bg7 6. g3 Nf6 7. Bg2 Rb8 8. O-O O-O 9. h3 b5 10. Qd2 b4 11. Nd1 a5 12. Ne3 Ba6 13. Nh4 Nd4 14. f5 a4 15. a3 Bb5 16. g4 Nd7 17. g5 Ne5 18. axb4 cxb4 19. Nd5 Re8 20. Nxb4 Qb6 21. Kh1 Bd7 22. Nd5 Qc5 23. Nc3 Bb5 24. Rd1 Nec6 25. Qf2 Nb4 26. f6 Nbxc2 27. fxg7 Nxa1 28. Rf1 Nf5 29. Qxc5 Ng3+ 30. Kg1 dxc5 31. Rd1 Nh5 32. Bf3 Nxg7 33. Bf4 e5 34. Be3 Nb3 35. Nd5 Red8 36. Bg4 Ne6 37. Nf3 Nf4 38. Bxf4 exf4 39. Nxf4 Nd4 40. Nd2 Ba6 0-1

[Event "SVM_Regionalliga_2024-25"]
[Site "?"]
[Date "2025.01.12"]
[Round "6.6"]
[Board "3"]
[White "Borriss,Benjamin"]
[Black "Brinkmann,Sven"]
[WhiteTeam "SG Siebengebirge 1"]
[BlackTeam "SK Turm Euskirchen 1"]
[WhiteElo "1814"]
[BlackElo "2054"]
[WhiteDWZ "1958"]
[BlackDWZ "2014"]
[Result "1-0"]
[PlyCount "69"]
[EventDate "2025.01.12"]
[SourceDate "2025.01.12"]
 
1. d4 e6 2. c4 d5 3. Nc3 Nf6 4. Nf3 Be7 5. Bf4 O-O 6. e3 c5 7. dxc5 dxc4 8. Bxc4 Bxc5 9. O-O Nc6 10. Qe2 a6 11. Rfd1 Qa5 12. a3 Be7 13. Rac1 Qh5 14. Ba2 Bd7 15. e4 Rad8 16. e5 Ng4 17. h3 Nh6 18. Bb1 g5 19. Nxg5 Qxe2 20. Nxe2 Nf5 21. g4 Nh4 22. Nxh7 Nxe5 23. Nxf8 Nef3+ 24. Kf1 Kxf8 25. Be4 e5 26. Bg3 Bg5 27. Bxh4 Nxh4 28. Rc7 Bxg4 29. Rxd8+ Bxd8 30. Rc3 Be6 31. Bxb7 a5 32. b4 axb4 33. axb4 Bb6 34. Ke1 Ng2+ 35. Bxg2 1-0

[Event "SVM_Regionalliga_2024-25"]
[Site "?"]
[Date "2025.01.12"]
[Round "6.6"]
[Board "4"]
[White "Neubauer,Jürgen"]
[Black "Wambach,Patrick"]
[WhiteTeam "SK Turm Euskirchen 1"]
[BlackTeam "SG Siebengebirge 1"]
[WhiteElo "1990"]
[BlackElo "1977"]
[WhiteDWZ "1975"]
[BlackDWZ "1994"]
[Result "0-1"]
[PlyCount "82"]
[EventDate "2025.01.12"]
[SourceDate "2025.01.12"]
 
1. e4 d6 2. Bc4 Nf6 3. d3 g6 4. Nf3 Bg7 5. Nc3 O-O 6. a3 c5 7. O-O Nc6 8. h3 a6 9. Bg5 Rb8 10. Qd2 b5 11. Ba2 Bd7 12. Rfe1 b4 13. axb4 Rxb4 14. Bc4 Rxb2 15. Bxa6 Nb4 16. Rec1 Nxa6 17. Rxa6 Qb8 18. Bh6 Rc8 19. Bxg7 Kxg7 20. Rca1 Bc6 21. Qc1 Rb6 22. R6a5 c4 23. Qe3 cxd3 24. cxd3 Rb3 25. Qd2 Qb4 26. e5 Bxf3 27. exf6+ exf6 28. Ne4 Bxe4 29. Qxb4 Rxb4 30. dxe4 Rxe4 31. Rd5 Re6 32. Ra7 f5 33. Rb5 h5 34. Rbb7 Rc1+ 35. Kh2 Rf6 36. f4 h4 37. Rb4 Re1 38. Ra8 Re4 39. Raa4 Rfe6 40. g3 Re2+ 41. Kg1 hxg3 0-1

[Event "SVM_Regionalliga_2024-25"]
[Site "?"]
[Date "2025.01.12"]
[Round "6.6"]
[Board "6"]
[White "Hack,Thomas"]
[Black "Schild,Willi"]
[WhiteTeam "SK Turm Euskirchen 1"]
[BlackTeam "SG Siebengebirge 1"]
[WhiteElo "2014"]
[BlackElo "2022"]
[WhiteDWZ "1907"]
[BlackDWZ "1767"]
[Result "1/2-1/2"]
[PlyCount "44"]
[EventDate "2025.01.12"]
[SourceDate "2025.01.12"]
 
1. e4 d5 2. e5 c5 3. c3 a6 4. d4 Nc6 5. a3 cxd4 6. cxd4 Qb6 7. Ne2 Bf5 8. Nbc3 e6 9. b4 h5 10. Na4 Qa7 11. Nc5 b6 12. Nd3 Be7 13. Be3 Nh6 14. Ng3 h4 15. Nxf5 Nxf5 16. Qg4 Rc8 17. Rc1 Qb7 18. Be2 Kd7 19. O-O Na7 20. Rxc8 Rxc8 21. Qh5 g6 22. Qh7 Rf8 {(=)} 1/2-1/2

[Event "SVM_Regionalliga_2024-25"]
[Site "?"]
[Date "2025.01.12"]
[Round "6.6"]
[Board "7"]
[White "Anderton,Philip"]
[Black "Reckers,Sebastian"]
[WhiteTeam "SG Siebengebirge 1"]
[BlackTeam "SK Turm Euskirchen 1"]
[WhiteElo "1957"]
[BlackElo "2012"]
[WhiteDWZ "1856"]
[BlackDWZ "1834"]
[Result "0-1"]
[PlyCount "76"]
[EventDate "2025.01.12"]
[SourceDate "2025.01.12"]
 
1. d4 Nf6 2. Nf3 g6 3. c4 Bg7 4. Nc3 d6 5. g3 O-O 6. Bg2 Nc6 7. O-O a6 8. Bg5 Rb8 9. Rc1 h6 10. Bd2 e5 11. d5 Ne7 12. Qc2 c6 13. e4 cxd5 14. Nxd5 Nexd5 15. cxd5 Bd7 16. Bb4 Rc8 17. Qb1 Qb6 18. Rxc8 Rxc8 19. Bd2 Bb5 20. Be3 Qa5 21. Re1 Qa4 22. Bd2 Qc2 23. Bc3 Qxb1 24. Rxb1 Nxe4 25. Bb4 Nc5 26. Rc1 b6 27. Bd2 Bd7 28. Bf1 e4 29. b4 Nd3 30. Rxc8+ Bxc8 31. Bxd3 exd3 32. Ne1 Bb7 33. Nxd3 Bxd5 34. Bf4 Bc4 35. Nc1 d5 36. Bc7 b5 37. Bb6 Bc3 38. Bc5 d4 0-1

[Event "SVM_Regionalliga_2024-25"]
[Site "?"]
[Date "2025.02.02"]
[Round "7.2"]
[Board "1"]
[White "Vandenbergen,Nicolas"]
[Black "König,Christian"]
[WhiteTeam "SK Turm Euskirchen 1"]
[BlackTeam "SF Lohmar 1"]
[WhiteElo "2107"]
[BlackElo "2033"]
[WhiteDWZ "2097"]
[BlackDWZ "2021"]
[Result "1/2-1/2"]
[PlyCount "20"]
[EventDate "2025.02.02"]
[SourceDate "2025.02.02"]
 
1. Nc3 d5 2. e4 d4 3. Nce2 e5 4. Ng3 Be6 5. c3 c5 6. Bb5+ Nd7 7. Nf3 f6 8. Qe2
a6 9. Bc4 Qe7 10. a4 Bxc4 {(=)} 1/2-1/2

[Event "SVM_Regionalliga_2024-25"]
[Site "?"]
[Date "2025.02.02"]
[Round "7.2"]
[Board "2"]
[White "Langer,Raphael"]
[Black "Brinkmann,Sven"]
[WhiteTeam "SF Lohmar 1"]
[BlackTeam "SK Turm Euskirchen 1"]
[WhiteElo "1880"]
[BlackElo "2054"]
[WhiteDWZ "1949"]
[BlackDWZ "2014"]
[Result "0-1"]
[PlyCount "128"]
[EventDate "2025.02.02"]
[SourceDate "2025.02.02"]
 
1. d4 Nf6 2. c4 e6 3. Nf3 d5 4. cxd5 exd5 5. Bg5 c6 6. Qc2 Bg4 7. Ne5 Bh5 8. e3
Qa5+ 9. Nc3 Ne4 10. Bf4 Bb4 11. Rc1 Qxa2 12. Bd3 Nxc3 13. bxc3 Qxc2 14. Rxc2
Ba5 15. g4 Bg6 16. Nxg6 hxg6 17. Be5 O-O 18. h4 Nd7 19. Bd6 Rfe8 20. h5 gxh5
21. gxh5 Bd8 22. c4 dxc4 23. Bxc4 Bf6 24. Kd2 Rad8 25. Bc7 Rc8 26. Bf4 Nb6 27.
Bb3 Rcd8 28. Kd3 Nd5 29. Bxd5 Rxd5 30. Rb1 Re7 31. Rcb2 b6 32. h6 g5 33. Bb8
Rd8 34. Bxa7 Rxa7 35. Rxb6 Rc7 36. Rc1 Rd6 37. Ke4 Bd8 38. Ke5 Rxh6 39. Rb8
Re6+ 40. Kf5 Rd6 41. Ke5 Rd5+ 42. Ke4 f5+ 43. Kd3 Kf7 44. f3 Bf6 45. Rc4 g4 46.
e4 fxe4+ 47. fxe4 Rg5 48. Rb2 c5 49. e5 g3 50. Rg2 Be7 51. dxc5 Rxc5 52. Rf4+
Ke6 53. Rf3 Ra5 54. Re3 Ra3+ 55. Ke2 Rxe3+ 56. Kxe3 Rxe5+ 57. Kf4 Bh4 58. Kg4
Re4+ 59. Kh3 Kf5 60. Rb2 Bf6 61. Rb5+ Be5 62. Rb1 Re2 63. Rf1+ Rf2 64. Rh1 Kf4
0-1

[Event "SVM_Regionalliga_2024-25"]
[Site "?"]
[Date "2025.02.02"]
[Round "7.2"]
[Board "3"]
[White "Neubauer,Jürgen"]
[Black "Akstinat,Sven-Holger"]
[WhiteTeam "SK Turm Euskirchen 1"]
[BlackTeam "SF Lohmar 1"]
[WhiteElo "1990"]
[BlackElo "1980"]
[WhiteDWZ "1975"]
[BlackDWZ "1913"]
[Result "1-0"]
[PlyCount "79"]
[EventDate "2025.02.02"]
[SourceDate "2025.02.02"]
 
1. e4 e6 2. d4 d5 3. Nc3 dxe4 4. Nxe4 Nd7 5. Nf3 Ngf6 6. Bg5 Be7 7. Nxf6+ Nxf6
8. Bd3 c5 9. O-O O-O 10. c3 Qc7 11. dxc5 Qxc5 12. Be3 Qc7 13. Bd4 Bd7 14. Qc2
h6 15. Rad1 Rfd8 16. Be5 Qb6 17. Bd4 Qc7 18. Ne5 Be8 19. Nc4 Rd5 20. Ne3 Rh5
21. f4 Bc5 22. Be2 Bxd4 23. Rxd4 Rc5 24. Bf3 Rb8 25. Rfd1 Bc6 26. Qf2 Bxf3 27.
Qxf3 b5 28. f5 e5 29. Rd6 Qe7 30. Ng4 e4 31. Nxf6+ Qxf6 32. Qxe4 Qxf5 33. Qd4
Qe5 34. Qf2 f6 35. Rd7 Rc7 36. R7d5 Qe6 37. Rd6 Qe5 38. Qc2 Re7 39. h3 Qe3+ 40.
Kh1 {Zeitueberschreitung von Schwarz} 1-0

[Event "SVM_Regionalliga_2024-25"]
[Site "?"]
[Date "2025.02.02"]
[Round "7.3"]
[Board "1"]
[White "Marcziter,Alex"]
[Black "Reinöhl,Christian"]
[WhiteTeam "SG Porz 4"]
[BlackTeam "SK Troisdorf"]
[WhiteElo "2040"]
[BlackElo "2140"]
[WhiteDWZ "2074"]
[BlackDWZ "2101"]
[Result "0-1"]
[PlyCount "72"]
[EventDate "2025.02.02"]
[SourceDate "2025.02.02"]
 
1. e4 Nf6 2. e5 Nd5 3. d4 d6 4. Nf3 g6 5. Bc4 Nb6 6. Bb3 Bg7 7. e6 fxe6 8. Ng5 d5 9. Qf3 Bf6 10. Qd3 e5 11. h4 Nc6 12. h5 Bf5 13. Qg3 Nxd4 14. hxg6 Bxg6 15. Nxh7 Bxh7 16. Rxh7 Rxh7 17. Qg8+ Kd7 18. Qxh7 Qh8 19. Qxh8 Rxh8 20. Nd2 Bg5 21. Nf1 Bxc1 22. Rxc1 e4 23. c3 Nxb3 24. axb3 e5 25. Ng3 Rh7 26. Kd2 Ke6 27. Rh1 Rxh1 28. Nxh1 a5 29. Ng3 Nd7 30. f3 exf3 31. gxf3 Nc5 32. Kc2 Kf6 33. Ne2 Kf5 34. b4 axb4 35. cxb4 Ne6 36. Kd3 Nf4+ 0-1

[Event "SVM_Regionalliga_2024-25"]
[Site "?"]
[Date "2025.02.02"]
[Round "7.3"]
[Board "2"]
[White "Schwarz,Andreas"]
[Black "Wagenknecht,Uwe"]
[WhiteTeam "SK Troisdorf"]
[BlackTeam "SG Porz 4"]
[WhiteElo "2125"]
[BlackElo "2118"]
[WhiteDWZ "2131"]
[BlackDWZ "2086"]
[Result "1/2-1/2"]
[PlyCount "81"]
[EventDate "2025.02.02"]
[SourceDate "2025.02.02"]
 
1. e4 c5 2. Nf3 Nc6 3. d4 cxd4 4. Nxd4 g6 5. c4 Bg7 6. Be3 Nf6 7. Nc3 Qa5 8. Nb3 Qc7 9. Rc1 b6 10. Be2 O-O 11. O-O Ba6 12. f4 d6 13. Nb5 Qd8 14. e5 dxe5 15. Qxd8 Raxd8 16. fxe5 Ne8 17. N3d4 Bxb5 18. Nxb5 Bxe5 19. Bf3 Nd4 20. Nxa7 Nxf3+ 21. Rxf3 Bxb2 22. Rb1 Bd4 23. Nc6 Bxe3+ 24. Rxe3 Rd6 25. Nxe7+ Kg7 26. Nc8 Rc6 27. Nxb6 Nc7 28. Reb3 Rd8 29. a4 Rd2 30. R3b2 Rd3 31. Ra2 Rd8 32. a5 Rb8 33. Rc1 Rb7 34. Rac2 Rc5 35. Ra1 Ra7 36. Rca2 Na6 37. Ra4 Kf6 38. Re1 Re5 39. Raa1 Rxe1+ 40. Rxe1 Nc5 41. Ra1 {(=)} 1/2-1/2

[Event "SVM_Regionalliga_2024-25"]
[Site "?"]
[Date "2025.02.02"]
[Round "7.3"]
[Board "3"]
[White "Holzwarth,Felix"]
[Black "Fuß,Jean-Pierre"]
[WhiteTeam "SG Porz 4"]
[BlackTeam "SK Troisdorf"]
[WhiteElo "1997"]
[BlackElo "1952"]
[WhiteDWZ "2029"]
[BlackDWZ "2076"]
[Result "1-0"]
[PlyCount "69"]
[EventDate "2025.02.02"]
[SourceDate "2025.02.02"]
 
1. e4 c5 2. Nf3 e6 3. d4 cxd4 4. Nxd4 a6 5. g3 b5 6. Bg2 Bb7 7. O-O Qc7 8. Re1 d6 9. Nc3 Nd7 10. Bg5 Ne5 11. a4 h6 12. Bd2 Qb6 13. Be3 Nc4 14. axb5 axb5 15. Rxa8+ Bxa8 16. Ndxb5 Nxe3 17. Rxe3 Nf6 18. Rd3 Qb8 19. Qa1 Bc6 20. Qa6 Bxb5 21. Nxb5 Nd7 22. Qc6 Qb6 23. Qxb6 Nxb6 24. Nxd6+ Bxd6 25. Rxd6 Nd7 26. f4 Ke7 27. Rc6 Rb8 28. b3 e5 29. Kf2 Rb7 30. Ke3 Nb8 31. Rc3 f6 32. fxe5 fxe5 33. Rc5 Nd7 34. Rd5 Rc7 35. Bh3 1-0

[Event "SVM_Regionalliga_2024-25"]
[Site "?"]
[Date "2025.02.02"]
[Round "7.3"]
[Board "4"]
[White "Keßler,Ulrich"]
[Black "Sistig,Max"]
[WhiteTeam "SK Troisdorf"]
[BlackTeam "SG Porz 4"]
[WhiteElo "1920"]
[BlackElo "1963"]
[WhiteDWZ "1930"]
[BlackDWZ "1983"]
[Result "1/2-1/2"]
[PlyCount "148"]
[EventDate "2025.02.02"]
[SourceDate "2025.02.02"]
 
1. Nf3 Nf6 2. c4 g6 3. b4 a5 4. b5 Bg7 5. Bb2 d6 6. g3 c5 7. bxc6 bxc6 8. Bg2 O-O 9. O-O Bd7 10. Qc2 Na6 11. a3 e5 12. Nc3 Rb8 13. Rab1 Nc5 14. Ba1 Qe7 15. Na4 Nxa4 16. Qxa4 c5 17. Qxa5 e4 18. Rxb8 Rxb8 19. Ng5 Bc6 20. d3 Qb7 21. Bxf6 Bxf6 22. Nxe4 Be5 23. Bf3 Ra8 24. Qd2 Rxa3 25. Qg5 Qc7 26. Nf6+ Kg7 27. Nd5 Qa7 28. Qd8 Qd7 29. Qxd7 Bxd7 30. Rb1 Ra1 31. Rxa1 Bxa1 32. Kg2 Kf8 33. Ne3 Ke7 34. Bd5 Bg7 35. h4 Ba4 36. Bf3 Bd7 37. Bd5 Ba4 38. Kf3 Bd7 39. Nf1 Bc3 40. Nh2 Bg7 41. Nf1 Bc3 42. Bb7 Bg7 43. Ne3 Bb2 44. Nd5+ Kd8 45. g4 h6 46. Kg3 Be6 47. Ne3 Ke7 48. f4 Bd4 49. Nc2 Bc3 50. Bc6 f6 51. e3 Bc8 52. g5 fxg5 53. hxg5 hxg5 54. fxg5 Bf5 {(=)} 55. e4 Be6 56. Ne3 Be1+ 57. Kf3 Kf8 58. Ng2 Bd2 59. Nf4 Bf7 60. Bd5 Be8 61. Ne6+ Ke7 62. e5 dxe5 63. Nxc5 Bxg5 64. Ke4 Bf6 {(=)} 65. Kf3 Kd8 66. Ne4 Be7 67. Nf2 Bd7 68. Be4 g5 69. Kg3 Kc7 70. Bf3 Bf5 71. Be4 Bd7 72. Nd1 Bb4 73. Ne3 Kd6 74. Bf5 Bc5 {(=)} 1/2-1/2

[Event "SVM_Regionalliga_2024-25"]
[Site "?"]
[Date "2025.02.02"]
[Round "7.3"]
[Board "5"]
[White "Kloke,Stephan"]
[Black "Both,David"]
[WhiteTeam "SG Porz 4"]
[BlackTeam "SK Troisdorf"]
[WhiteElo "2114"]
[BlackElo "2055"]
[WhiteDWZ "2016"]
[BlackDWZ "1975"]
[Result "1-0"]
[PlyCount "87"]
[EventDate "2025.02.02"]
[SourceDate "2025.02.02"]
 
1. e4 c6 2. d4 d5 3. Nd2 dxe4 4. Nxe4 Nd7 5. Bd3 Ngf6 6. c4 Nxe4 7. Bxe4 Nf6 8. Bf3 Bf5 9. Ne2 e6 10. O-O Qc7 11. d5 exd5 12. cxd5 cxd5 13. Nc3 Be6 14. Nxd5 Nxd5 15. Bxd5 Rd8 16. Qa4+ Qd7 17. Bb3 Qxa4 18. Bxa4+ Bd7 19. Bb3 Bb4 20. Be3 b6 21. Rac1 Bb5 22. Bc4 Bxc4 23. Rxc4 Bd6 24. Re4+ Kf8 25. g3 f6 26. a4 Kf7 27. b4 Rhe8 28. Rc4 Rc8 29. Rfc1 Rxc4 30. Rxc4 Re7 31. a5 bxa5 32. bxa5 Rc7 33. Rxc7+ Bxc7 34. a6 Bb8 35. Kf1 Ke6 36. Ke2 Kd5 37. Kd3 g6 38. Bd4 f5 39. h4 Kc6 40. Kc4 h6 41. f4 h5 42. Bc5 Kc7 43. Kd5 Kd7 44. Bd4 1-0

[Event "SVM_Regionalliga_2024-25"]
[Site "?"]
[Date "2025.02.02"]
[Round "7.3"]
[Board "6"]
[White "Sejdini,Valentin"]
[Black "Thiemonds,Uli"]
[WhiteTeam "SK Troisdorf"]
[BlackTeam "SG Porz 4"]
[WhiteElo "1912"]
[BlackElo "2055"]
[WhiteDWZ "1780"]
[BlackDWZ "2014"]
[Result "0-1"]
[PlyCount "68"]
[EventDate "2025.02.02"]
[SourceDate "2025.02.02"]
 
1. f4 e6 2. Nf3 f5 3. e3 Nf6 4. b3 d5 5. Bb2 Bd6 6. Be2 O-O 7. O-O b6 8. Qe1 Ba6 9. Nc3 Bxe2 10. Nxe2 Nbd7 11. Ned4 Re8 12. Nc6 Qc8 13. Qh4 Qb7 14. Nce5 Bxe5 15. fxe5 Ng4 16. h3 Nh6 17. Ng5 Nf8 18. g4 c5 19. Qh5 fxg4 20. hxg4 Re7 21. Rf2 Nf7 22. Raf1 Nxg5 23. Qxg5 Ng6 24. c4 dxc4 25. bxc4 Rf8 26. d4 Ref7 27. Rxf7 Rxf7 28. Qd8+ Nf8 29. d5 Rxf1+ 30. Kxf1 Qa6 31. Kf2 Qxc4 32. d6 Qc2+ 33. Kf3 Qxb2 34. d7 Qd2 0-1

[Event "SVM_Regionalliga_2024-25"]
[Site "?"]
[Date "2025.02.02"]
[Round "7.3"]
[Board "7"]
[White "Seemann,Mathis"]
[Black "Hallen,Maxime"]
[WhiteTeam "SG Porz 4"]
[BlackTeam "SK Troisdorf"]
[WhiteElo "1861"]
[BlackElo "1820"]
[WhiteDWZ "1898"]
[BlackDWZ "1755"]
[Result "0-1"]
[PlyCount "88"]
[EventDate "2025.02.02"]
[SourceDate "2025.02.02"]
 
1. d4 Nf6 2. Nf3 b6 3. c4 e6 4. a3 Bb7 5. Nc3 d6 6. Bg5 Nbd7 7. Qc2 c5 8. e4 Be7 9. O-O-O O-O 10. h3 cxd4 11. Nxd4 Nc5 12. f3 a6 13. h4 Qc7 14. h5 d5 15. exd5 exd5 16. Nf5 dxc4 17. Bxc4 Nd5 18. Nxe7+ Nxe7 19. Rhe1 Rfe8 20. Ba2 h6 21. Bb1 f5 22. Ba2+ Kh8 23. Bxe7 Rxe7 24. Rxe7 Qxe7 25. Qxf5 Rf8 26. Qg6 Rf6 27. Qg3 Rc6 28. Kb1 Rc8 29. Re1 Qd7 30. Ka1 Qf5 31. Re7 Qf6 32. Qe1 Rf8 33. Nd5 Bxd5 34. Bxd5 Nd3 35. Qe2 Nf4 36. Qe4 Nxd5 37. Re6 Qd8 38. Qd4 Qd7 39. Rxh6+ Kg8 40. Rg6 Nf6 41. Qxb6 Rc8 42. h6 Rc1+ 43. Ka2 Qd5+ 44. Qb3 Ra1+ 0-1